[Event "IECG SN.2007.0.00020 email"]
[Site "IECG email"]
[Date "2007.02.01"]
[Round "?"]
[White "Bilbey, Brian"]
[Black "Goze, Tolga"]
[Result "0-1"]
[WhiteElo "974"]
[BlackElo "1993"]
[PlyCount "68"]
[EventDate "2007.02.01"]
[EventType "tourn (corr)"]
[EventRounds "6"]
[SourceTitle "Corr 2008"]
[Source "ChessBase"]
[SourceDate "2008.06.24"]
[SourceVersion "1"]
[SourceVersionDate "2008.06.24"]
[SourceQuality "1"]

1. Nf3 Nc6 2. d4 d5 3. Bf4 Nf6 4. Nbd2 e6 5. e3 h6 6. Bb5 Bd7 7. 0-0 Bd6 8. Bxd6 cxd6 9. c4 dxc4 10. Nxc4 0-0 11. Rc1 d5 12. Nce5 Nxe5 13. dxe5 Bxb5 14. exf6 Bxf1 15. fxg7 Kxg7 16. Qxf1 Rc8 17. Ne5 Rxc1 18. Qxc1 Qc8 19. Qd2 f6 20. Nf3 Qc4 21. b3 Qe4 22. Qc1 Rf7 23. h3 Kh7 24. Ne1 Rg7 25. Qc2 Qxc2 26. Nxc2 e5 27. g4 Kg6 28. Nb4 d4 29. exd4 exd4 30. Nd3 Rc7 31. Nf4+ Kf7 32. Nd5 Rc1+ 33. Kg2 d3 34. Ne3 d2 0-1